Cauchemars : (Record no. 118822)
[ view plain ]
| 000 -LEADER | |
|---|---|
| fixed length control field | 00943nam a2200253 a 4500 |
| 001 - CONTROL NUMBER | |
| control field | 4917469 |
| 003 - CONTROL NUMBER IDENTIFIER | |
| control field | ARRUPE |
| 005 - DATE AND TIME OF LATEST TRANSACTION | |
| control field | 20131127170552.0 |
| 008 - FIXED-LENGTH DATA ELEMENTS--GENERAL INFORMATION | |
| fixed length control field | 940902s1994 iv 000 1 fre |
| 010 ## - LIBRARY OF CONGRESS CONTROL NUMBER | |
| LC control number | 94204632 |
| 020 ## - INTERNATIONAL STANDARD BOOK NUMBER | |
| International Standard Book Number | 2909238105 |
| 040 ## - CATALOGING SOURCE | |
| Original cataloging agency | DLC |
| Transcribing agency | DLC |
| 050 00 - LIBRARY OF CONGRESS CALL NUMBER | |
| Classification number | PR9371.9H32 |
| Item number | C3 1994 |
| 300 ## - PHYSICAL DESCRIPTION | |
| Dimensions | 19 cm. |
| 100 1# - MAIN ENTRY--PERSONAL NAME | |
| Personal name | Hazoume, Flore. |
| 9 (RLIN) | 4317 |
| 245 10 - TITLE STATEMENT | |
| Title | Cauchemars : |
| Remainder of title | nouvelles / |
| Statement of responsibility, etc | Flore Hazoume. |
| 260 ## - PUBLICATION, DISTRIBUTION, ETC. (IMPRINT) | |
| Place of publication, distribution, etc | Abidjan, Côte d'Ivoire : |
| Name of publisher, distributor, etc | Edilis, |
| Date of publication, distribution, etc | c1994. |
| 300 ## - PHYSICAL DESCRIPTION | |
| Extent | 143 p. ; |
| 490 1# - SERIES STATEMENT | |
| Series statement | Collection Découvertes |
| 505 0# - FORMATTED CONTENTS NOTE | |
| Formatted contents note | Obsession -- A malin, maligne et demie! -- Un pacte est un pacte -- Ménopause -- Nuit d'ailleurs -- Beauté fatale -- Eternel amour -- Les chats -- L'Eldorado perdu. |
| 830 #0 - SERIES ADDED ENTRY--UNIFORM TITLE | |
| Uniform title | Collection Découvertes (Abidjan, Côte d'Ivoire) |
| 9 (RLIN) | 4318 |
| 906 ## - LOCAL DATA ELEMENT F, LDF (RLIN) | |
| a | 7 |
| b | cbc |
| c | orignew |
| d | 4 |
| e | ncip |
| f | 19 |
| g | y-gencatlg |
| 942 ## - ADDED ENTRY ELEMENTS (KOHA) | |
| Source of classification or shelving scheme | Library of Congress Classification |
| Koha item type | Monograph ( Printed materials) |
| Withdrawn status | Lost status | Source of classification or shelving scheme | Damaged status | Not for loan | Collection code | Home library | Current library | Shelving location | Date acquired | Total Checkouts | Full call number | Barcode | Date last seen | Price effective from | Koha item type |
|---|---|---|---|---|---|---|---|---|---|---|---|---|---|---|---|
| Library of Congress Classification | Main Collection | ARRUPE LIBRARY | ARRUPE LIBRARY | Main Collection | 27/11/2013 | PR9371.9H32 C3 1994 | 46410374 | 27/11/2013 | 27/11/2013 | Monograph ( Printed materials) |